000 00275nam a22001217a 4500
020 _a9780007302963
040 _a1
082 _a914.31
_bONE 2008
100 _aOnell, Joseph
245 _aNetherland
_cJoseph O Nell
260 _aLondon
_bFourth Estate
_c2008
942 _2ddc
_cBK
999 _c16081
_d16081